000
00311nam a2200133Ia 4500
008
231129s9999||||xx |||||||||||||| ||spa||
040
_b
spa
082
_a
364.2 F388
100
_a
Ferri Enrico
245
0
_a
Sociologia criminal
260
_c
198
264
_a
Centro Editorial de Góngora
942
_2
ddc
_c
BKS
999
_c
24758
_d
24758